Marcatori della Juventus in UEFA Champions League 2018-2019 - Statistics

Statistiche generali
  • Questo quiz è stato fatto 70 volte
  • Il punteggio medio è 13 su 14
Statistiche sulle risposte
Partita Minuto Marcatore % Corretto
Juventus - Manchester United 1-2 65' Cristiano Ronaldo
99%
Juventus - Atletico Madrid 3-0 27' Cristiano Ronaldo
99%
Juventus - Atletico Madrid 3-0 48' Cristiano Ronaldo
99%
Juventus - Atletico Madrid 3-0 86' Cristiano Ronaldo
99%
Ajax - Cristiano Ronaldo 1-1 46' Cristiano Ronaldo
99%
Juventus - Ajax 1-2 28' Cristiano Ronaldo
99%
Juventus - Young Boys 3-0 5' Paulo Dybala
99%
Juventus - Young Boys 3-0 33' Paulo Dybala
99%
Juventus - Young Boys 3-0 69' Paulo Dybala
99%
Manchester United - Juventus 0-1 17' Paulo Dybala
99%
Young Boys - Juventus 2-1 80' Paulo Dybala
99%
Valencia - Juventus 0-2 45' Miralem Pjanić
76%
Valencia - Juventus 0-2 51' Miralem Pjanić
76%
Juventus - Valencia 1-0 59' Mario Mandžukić
67%
Nessun quiz corrispondente trovato
Distribuzione punteggi
Percentuale di utenti per punteggio
Percentile per numero di risposta
I tuoi punteggi nel tempo
Non hai fatto questo quiz